000 00415nam a22001457a 4500
005 20251124204948.0
008 251124b |||||||| |||| 00| 0 eng d
020 _a9788121923200
050 _aTA684 DAY
100 _aDayaratnam, Pasala
245 _aDesign of Steel Structures
_cPasala Dayaratnam
260 _aNew Delhi
_bS. Chand & Company Limited
_c2009
300 _axii. 868p.
_bill.
_c24cm
942 _2lcc
_cBK
_n0
999 _c8378
_d8378